| 000 | 00000nam##2200000za#4500 |
| 001 | 9.569613 |
| 003 | CaOODSP |
| 005 | 20210624181842 |
| 007 | cr ||||||||||| |
| 008 | 150406|2001||||xxc|||||o f|0| 0 eng|d |
| 040 | |aCaOODSP|beng |
| 043 | |an-cn--- |
| 086 | 1 |aNH18-1/110-2001E-PDF |
| 110 | 2 |aCanada Mortgage and Housing Corporation. |
| 245 | 10|aLand use issues impeding affordable housing with mobile homes / |h[electronic resource]|cprepared by Ron Corbett. |
| 260 | |aOttawa - Ontario : |bCanada Mortgage and Housing Corporation |c2001. |
| 300 | |a171p.|bfigs., graphs, tables, photographs |
| 490 | 1 |aResearch report |
| 504 | |aBibliography. |
| 546 | |a(Résumé en français.) |
| 590 | |a12-27-Supp|b2012-06-12 |
| 720 | 1 |aCorbett, Ron |
| 830 | #0|aResearch report (Canada Mortgage and Housing Corporation : Online)|w(CaOODSP)9.506068 |
| 856 | 40|ahttp://publications.gc.ca|qPDF|s10 MB|uhttps://publications.gc.ca/collections/collection_2011/schl-cmhc/nh18-1/NH18-1-110-2001-eng.pdf |